[Event "Mainz Ordix op"]
[Site "Mainz"]
[Date "2003.08.16"]
[Round "2"]
[White "Prang, Edgar"]
[Black "Kasimdzhanov, Rustam"]
[Result "0-1"]
[WhiteElo "2262"]
[BlackElo "2664"]
[PlyCount "76"]
[EventDate "2003.08.16"]
[EventType "swiss (rapid)"]
[EventRounds "11"]
[EventCountry "GER"]
[SourceTitle "CBM 095 Extra"]
[Source "ChessBase"]
[SourceDate "2003.09.04"]
[SourceVersion "1"]
[SourceVersionDate "2003.09.04"]
[SourceQuality "1"]

1. d4 d5 2. Nf3 Nf6 3. e3 g6 4. Bd3 Bg7 5. 0-0 0-0 6. Nbd2 Nbd7 7. c4 c5 8. cxd5 Nxd5 9. Nb3 cxd4 10. exd4 b6 11. Re1 Bb7 12. Bg5 N7f6 13. Qd2 Qd6 14. Rac1 a5 15. a3 Rac8 16. Ne5 e6 17. Bh6 Rfd8 18. Bxg7 Kxg7 19. Rxc8 Rxc8 20. Rc1 Rxc1+ 21. Nxc1 Qc7 22. Ne2 Nd7 23. Ng4 N5f6 24. Qh6+ Kg8 25. Nxf6+ Nxf6 26. Qf4 Qxf4 27. Nxf4 Kf8 28. f3 Ke7 29. Kf2 Kd6 30. Ke3 g5 31. Ne2 h6 32. Nc3 Bc6 33. Be4 Bd7 34. g3 Ng8 35. Bd3 f5 36. Nb5+ Bxb5 37. Bxb5 Nf6 38. Bc4 g4 0-1

[Event "Oberliga NRW 0203 II"]
[Site "Germany"]
[Date "2003.03.23"]
[Round "7.8"]
[White "Prang, Edgar"]
[Black "Fecke, Andreas"]
[Result "1-0"]
[WhiteElo "2273"]
[BlackElo "2244"]
[PlyCount "85"]
[EventDate "2002.10.06"]
[EventType "team"]
[EventRounds "9"]
[EventCountry "GER"]
[SourceTitle "EXT 2004"]
[Source "ChessBase"]
[SourceDate "2003.11.25"]
[SourceVersion "1"]
[SourceVersionDate "2003.11.25"]
[SourceQuality "1"]
[WhiteTeam "Duisburg/Hochheide"]
[BlackTeam "Lippstadt Turm"]
[WhiteTeamCountry "GER"]
[BlackTeamCountry "GER"]

1. d4 d6 2. g3 Nf6 3. Bg2 c6 4. e4 e5 5. dxe5 dxe5 6. Qxd8+ Kxd8 7. Nf3 Bd6 8. Nbd2 Nbd7 9. 0-0 Re8 10. b3 b5 11. a4 bxa4 12. Rxa4 Nc5 13. Ra5 Ncxe4 14. Nc4 Bc7 15. Rd1+ Bd7 16. Nfxe5 Bxa5 17. Nxc6+ Kc7 18. N6xa5 g5 19. Bb2 Bb5 20. f3 Bxc4 21. Nxc4 Rad8 22. Rc1 Re6 23. fxe4 Nd7 24. Bc3 f6 25. Ra1 Kb8 26. Bb4 Ne5 27. Ne3 g4 28. Rf1 Kb7 29. Rf4 Rc8 30. Kf1 Ka6 31. Ke2 Kb5 32. Be1 Rd6 33. c4+ Ka6 34. Nxg4 Nd3 35. Rxf6 Nc1+ 36. Ke3 Rxf6 37. Nxf6 Nxb3 38. e5 Nc5 39. Bd5 Kb6 40. e6 Rc7 41. Bc3 Nxe6 42. Bxe6 Rc6 43. Nd5+ 1-0

[Event "Seefeld op 13th"]
[Site "Seefeld"]
[Date "2002.09.21"]
[Round "8"]
[White "Rausch, Stephan"]
[Black "Prang, Edgar"]
[Result "1-0"]
[WhiteElo "2318"]
[BlackElo "2273"]
[PlyCount "91"]
[EventDate "2002.09.14"]
[EventType "swiss"]
[EventRounds "9"]
[EventCountry "AUT"]
[SourceTitle "EXT 2007"]
[Source "ChessBase"]
[SourceDate "2006.11.23"]
[SourceVersion "1"]
[SourceVersionDate "2006.11.23"]
[SourceQuality "1"]

1. e4 c5 2. Nf3 e6 3. c3 Nf6 4. d3 d5 5. Qc2 Be7 6. Bg5 h6 7. Bh4 Nc6 8. Be2 0-0 9. 0-0 b6 10. Nbd2 a5 11. Rfe1 Ba6 12. Rad1 Nh5 13. exd5 Bxh4 14. dxc6 Nf4 15. Nc4 Nxe2+ 16. Qxe2 Be7 17. Nce5 Qc7 18. Qe4 Rad8 19. d4 Bc8 20. dxc5 Bxc5 21. b4 Be7 22. b5 Rfe8 23. h3 Bd6 24. Rd2 f6 25. Nc4 Bc5 26. Red1 e5 27. Nxa5 Rxd2 28. Nxd2 f5 29. Qe2 e4 30. Nab3 Bd6 31. Nd4 Qe7 32. Re1 Qe5 33. g3 Qf6 34. Kg2 Re7 35. a4 Qg6 36. a5 e3 37. Nf1 Bc5 38. f4 Bxd4 39. cxd4 bxa5 40. Qc4+ Kh7 41. Rxe3 Qd6 42. Rxe7 Qxe7 43. d5 g5 44. b6 Ba6 45. Qxa6 Qe4+ 46. Kf2 1-0

[Event "Seefeld op 13th"]
[Site "Seefeld"]
[Date "2002.09.20"]
[Round "7"]
[White "Prang, Edgar"]
[Black "Tscharotschkin, Michael"]
[Result "1-0"]
[WhiteElo "2273"]
[BlackElo "2212"]
[PlyCount "89"]
[EventDate "2002.09.14"]
[EventType "swiss"]
[EventRounds "9"]
[EventCountry "AUT"]
[SourceTitle "EXT 2007"]
[Source "ChessBase"]
[SourceDate "2006.11.23"]
[SourceVersion "1"]
[SourceVersionDate "2006.11.23"]
[SourceQuality "1"]

1. d4 d5 2. c4 Bf5 3. Nf3 e6 4. Qb3 Nc6 5. c5 Rb8 6. Bf4 f6 7. e3 g5 8. Bg3 h5 9. h3 Nge7 10. Nc3 Bg7 11. Qa4 0-0 12. b4 a6 13. Be2 Bg6 14. Qb3 Bf7 15. Rd1 Ng6 16. a4 f5 17. b5 f4 18. bxc6 bxc6 19. Qc2 fxg3 20. fxg3 a5 21. Bd3 Ne7 22. Nxg5 Nf5 23. Nxf7 Rxf7 24. Bxf5 Rxf5 25. e4 dxe4 26. Qxe4 Qg5 27. Ne2 Rb2 28. Qxe6+ Kh7 29. Rf1 Rd5 30. Qe4+ Kg8 31. Qe8+ Kh7 32. Qe4+ Kg8 33. Rf3 Rb4 34. Qe8+ Kh7 35. Qe4+ Kg8 36. Kf1 Rxa4 37. Qe8+ Kh7 38. Qxc6 Ra2 39. Qxc7 Rf5 40. Qc6 Qe3 41. Re1 Rxf3+ 42. Qxf3 Qd2 43. Nf4 Bh6 44. Re7+ Kh8 45. Ng6+ 1-0

[Event "Seefeld op 13th"]
[Site "Seefeld"]
[Date "2002.09.17"]
[Round "4"]
[White "Mueller, Georg"]
[Black "Prang, Edgar"]
[Result "0-1"]
[WhiteElo "2021"]
[BlackElo "2273"]
[PlyCount "62"]
[EventDate "2002.09.14"]
[EventType "swiss"]
[EventRounds "9"]
[EventCountry "AUT"]
[SourceTitle "EXT 2007"]
[Source "ChessBase"]
[SourceDate "2006.11.23"]
[SourceVersion "1"]
[SourceVersionDate "2006.11.23"]
[SourceQuality "1"]

1. e4 c5 2. Nc3 e6 3. Nge2 a6 4. g3 b5 5. Bg2 Bb7 6. 0-0 d6 7. d3 Nd7 8. f4 Ngf6 9. h3 Qc7 10. Be3 Be7 11. Qd2 0-0 12. f5 d5 13. fxe6 fxe6 14. exd5 b4 15. Ne4 exd5 16. Ng5 Qb6 17. Nf4 d4 18. Bf2 Bxg2 19. Kxg2 Qc6+ 20. Kh2 Ng4+ 21. hxg4 Bxg5 22. Rae1 Qh6+ 23. Kg2 Rxf4 24. gxf4 Bxf4 25. Qd1 Qh2+ 26. Kf3 Qh3+ 27. Ke4 Qg2+ 28. Kxf4 Rf8+ 29. Kg5 h6+ 30. Kh5 Rf5+ 31. gxf5 Qg5# 0-1

[Event "San Martino di Castrozza op 2nd"]
[Site "San Martino di Castrozza"]
[Date "2001.07.01"]
[Round "1"]
[White "Prang, Edgar"]
[Black "Molzahn, Norbert"]
[Result "1/2-1/2"]
[WhiteElo "2256"]
[BlackElo "2052"]
[PlyCount "70"]
[EventDate "2001.07.01"]
[EventType "swiss"]
[EventRounds "6"]
[EventCountry "ITA"]
[SourceTitle "EXT 2024"]
[Source "ChessBase"]
[SourceDate "2023.10.10"]
[SourceVersion "1"]
[SourceVersionDate "2023.10.10"]
[SourceQuality "1"]

1. Nf3 c5 2. g3 Nc6 3. Bg2 g6 4. 0-0 Bg7 5. c4 Nf6 6. d4 cxd4 7. Nxd4 Nxd4 8. Qxd4 0-0 9. Nc3 d6 10. Qd3 a6 11. Bd2 Rb8 12. Rac1 Bd7 13. Rfd1 Ng4 14. Qb1 Bc6 15. Nd5 Bxd5 16. Bxd5 Qb6 17. e3 Qxb2 18. Qxb2 Bxb2 19. Rb1 Bg7 20. Rb4 Ne5 21. Rdb1 Rfc8 22. f4 Nd3 23. Rxb7 Rxb7 24. Bxb7 Rb8 25. Kf1 d5 26. cxd5 Nc5 27. Rc1 Nxb7 28. Rb1 Kf8 29. Ba5 Ke8 30. Bc7 Rd8 31. Rxb7 Rxd5 32. a4 Rd1+ 33. Kg2 Ra1 34. a5 Bc3 35. Ra7 Bxa5 1/2-1/2

[Event "Crans Montana op"]
[Site "Crans Montana"]
[Date "2000.04.29"]
[Round "3"]
[White "Giessmann, Andreas"]
[Black "Prang, Edgar"]
[Result "1-0"]
[WhiteElo "2165"]
[BlackElo "2242"]
[PlyCount "75"]
[EventDate "2000.04.28"]
[EventType "swiss"]
[EventRounds "7"]
[EventCountry "SUI"]
[SourceTitle "EXT 2001"]
[Source "ChessBase"]
[SourceDate "2000.11.22"]
[SourceVersion "1"]
[SourceVersionDate "2000.11.22"]
[SourceQuality "1"]

1. Nf3 d5 2. b3 Bg4 3. e3 Nd7 4. d4 c6 5. Be2 Ngf6 6. 0-0 a5 7. a4 e6 8. Ba3 Bxa3 9. Nxa3 0-0 10. c3 Ne4 11. Rc1 f5 12. Nd2 Bxe2 13. Qxe2 Qh4 14. f3 Nxd2 15. Qxd2 Rf6 16. g3 Qh5 17. c4 Rh6 18. Rf2 Nf6 19. Nb1 g5 20. Nc3 Rf8 21. Ne2 Ra8 22. Nc3 Kh8 23. c5 Rg8 24. Qe2 f4 25. g4 Qh3 26. exf4 gxf4 27. Rg2 Rhg6 28. Nd1 Ne4 29. Qf1 Ng5 30. Rc3 h5 31. Nf2 Nxf3+ 32. Kh1 Nxh2 33. Qc1 Qxg2+ 34. Kxg2 Nxg4 35. Nxg4 Rxg4+ 36. Kh2 Rg2+ 37. Kh1 Rf2 38. Rh3 1-0

[Event "Crans Montana op"]
[Site "Crans Montana"]
[Date "2000.04.28"]
[Round "2"]
[White "Prang, Edgar"]
[Black "Riand, Jean Yves"]
[Result "1-0"]
[WhiteElo "2242"]
[BlackElo "2112"]
[PlyCount "85"]
[EventDate "2000.04.28"]
[EventType "swiss"]
[EventRounds "7"]
[EventCountry "SUI"]
[SourceTitle "EXT 2001"]
[Source "ChessBase"]
[SourceDate "2000.11.22"]
[SourceVersion "1"]
[SourceVersionDate "2000.11.22"]
[SourceQuality "1"]

1. Nf3 d5 2. c4 c6 3. g3 Nf6 4. Bg2 Bf5 5. cxd5 cxd5 6. Qb3 Qc8 7. Nc3 e6 8. d3 Nc6 9. Bf4 Qd7 10. 0-0 Be7 11. Rac1 0-0 12. e4 dxe4 13. dxe4 Nxe4 14. Rfd1 Qe8 15. Nb5 Rd8 16. Nfd4 Nxd4 17. Nxd4 Nc5 18. Qe3 Bg4 19. f3 Bh5 20. Bf1 Qa4 21. a3 a6 22. b4 Rxd4 23. Qxd4 Nb3 24. Qd7 Qxd7 25. Rxd7 Nxc1 26. Rxe7 Nb3 27. g4 Bg6 28. Rxb7 Nd4 29. Kf2 h5 30. Bxa6 hxg4 31. fxg4 Be4 32. Rb8 Rxb8 33. Bxb8 Bc6 34. Bd3 f6 35. Bf4 Kf7 36. Be3 Nf3 37. b5 Ne5 38. bxc6 Nxc6 39. Bc5 g5 40. Ke3 Ne5 41. h3 Ke8 42. Bb5+ Kd8 43. Bd4 1-0

[Event "Arco op 21st"]
[Site "Arco"]
[Date "1999.10.26"]
[Round "4"]
[White "Rossi, Giampiero"]
[Black "Prang, Edgar"]
[Result "0-1"]
[WhiteElo "2020"]
[BlackElo "2249"]
[PlyCount "84"]
[EventDate "1999.10.23"]
[EventType "swiss"]
[EventRounds "9"]
[EventCountry "ITA"]
[SourceTitle "EXT 2000"]
[Source "ChessBase"]
[SourceDate "1999.11.16"]
[SourceVersion "1"]
[SourceVersionDate "1999.11.16"]
[SourceQuality "1"]

1. d4 d5 2. c4 e6 3. Nc3 c6 4. e3 Nf6 5. Nf3 Nbd7 6. Qc2 Bd6 7. Bd2 0-0 8. Rc1 Qe7 9. a3 a6 10. cxd5 exd5 11. Bd3 Re8 12. 0-0 Nf8 13. h3 Ne4 14. Rfd1 g5 15. Be1 g4 16. hxg4 Bxg4 17. Be2 Bxf3 18. Bxf3 f5 19. g3 Qg5 20. Bg2 Qg6 21. Nxe4 fxe4 22. b4 Qh5 23. a4 Ne6 24. b5 Rac8 25. bxa6 bxa6 26. Rb1 Ng5 27. Rb6 Red8 28. Rdb1 Nf3+ 29. Kf1 Qh2 30. Rxc6 Rxc6 31. Qxc6 Qg1+ 32. Ke2 Qxg2 33. Qxd5+ Kh8 34. Bc3 Rf8 35. Qxd6 Ng1+ 36. Kd1 Qf1+ 37. Kc2 Rxf2+ 38. Kb3 Qxb1+ 39. Kc4 Qd3+ 40. Kb3 Qb1+ 41. Kc4 Qd3+ 42. Kb4 Qc2 0-1

[Event "Arco op 21st"]
[Site "Arco"]
[Date "1999.10.24"]
[Round "2"]
[White "Blasco, Domenico"]
[Black "Prang, Edgar"]
[Result "1-0"]
[WhiteElo "2111"]
[BlackElo "2249"]
[PlyCount "79"]
[EventDate "1999.10.23"]
[EventType "swiss"]
[EventRounds "9"]
[EventCountry "ITA"]
[SourceTitle "EXT 2000"]
[Source "ChessBase"]
[SourceDate "1999.11.16"]
[SourceVersion "1"]
[SourceVersionDate "1999.11.16"]
[SourceQuality "1"]

1. d4 d5 2. e3 Nf6 3. Bd3 g6 4. Nf3 Bg7 5. 0-0 0-0 6. Nbd2 c5 7. b3 cxd4 8. exd4 Nc6 9. a3 Bg4 10. Bb2 Rc8 11. Re1 Rc7 12. Rc1 Bh6 13. Ra1 Qc8 14. Nf1 Bf5 15. Ng3 Bxd3 16. Qxd3 Nd8 17. Bc1 Rc3 18. Qd1 Bxc1 19. Rxc1 Ne6 20. Qd2 Kg7 21. Ne5 Rc7 22. c4 dxc4 23. bxc4 Rd8 24. d5 Nc5 25. Qe3 Rd6 26. f4 Rb6 27. Rb1 Rxb1 28. Rxb1 h5 29. h4 Ng4 30. Nxg4 hxg4 31. f5 Kh7 32. fxg6+ fxg6 33. Rf1 e6 34. h5 Qe8 35. Qe5 Rf7 36. hxg6+ Kxg6 37. Rxf7 Qxf7 38. d6 Nd7 39. Qe4+ Kh6 40. Qxb7 1-0

[Event "Lugano op"]
[Site "Lugano"]
[Date "1999.03.14"]
[Round "5"]
[White "Prang, Edgar"]
[Black "Maric, Alisa"]
[Result "0-1"]
[WhiteElo "2264"]
[BlackElo "2481"]
[PlyCount "52"]
[EventDate "1999.03.??"]
[EventType "swiss"]
[EventRounds "7"]
[EventCountry "SUI"]
[SourceTitle "EXT 2000"]
[Source "ChessBase"]
[SourceDate "1999.11.16"]
[SourceVersion "1"]
[SourceVersionDate "1999.11.16"]
[SourceQuality "1"]

1. c4 e6 2. Nf3 d5 3. g3 dxc4 4. Qa4+ Nd7 5. Bg2 a6 6. Qxc4 b5 7. Qb3 Bb7 8. 0-0 Ngf6 9. d3 Be7 10. Nc3 0-0 11. Bd2 c5 12. a4 b4 13. Nd1 Bd5 14. Qc2 c4 15. Ne1 cxd3 16. Nxd3 Rc8 17. Qb1 Bxg2 18. Kxg2 Nc5 19. Bxb4 Nb3 20. Bc3 Nxa1 21. Qxa1 Ne4 22. f3 Nxc3 23. Nxc3 Bf6 24. Ne4 Bd4 25. Rc1 f5 26. Nef2 Qd5 0-1

[Event "Bundesliga 9899"]
[Site "Germany"]
[Date "1998.10.18"]
[Round "2.8"]
[White "Dinstuhl, Volkmar"]
[Black "Prang, Edgar"]
[Result "1-0"]
[WhiteElo "2415"]
[BlackElo "2305"]
[PlyCount "65"]
[EventDate "1998.10.17"]
[EventType "team-tourn"]
[EventRounds "15"]
[EventCountry "GER"]
[SourceTitle "GER-chT"]
[Source "ChessBase"]
[SourceDate "1999.07.01"]
[SourceVersion "1"]
[SourceVersionDate "1999.07.01"]
[SourceQuality "1"]
[WhiteTeam "Castrop Rauxel"]
[BlackTeam "Duisburg"]
[WhiteTeamCountry "GER"]
[BlackTeamCountry "GER"]

1. d4 d5 2. c4 e6 3. Nf3 Nf6 4. Nc3 Be7 5. Bg5 0-0 6. e3 Ne4 7. Bxe7 Qxe7 8. Rc1 c6 9. Bd3 Nxc3 10. Rxc3 dxc4 11. Rxc4 Nd7 12. Qc2 h6 13. 0-0 e5 14. Rc1 exd4 15. Nxd4 Nb6 16. Rc5 Re8 17. Qd2 Qf6 18. Bb1 Be6 19. Nxe6 Qxe6 20. Qc2 g6 21. b4 Rad8 22. a3 Rd6 23. Ba2 Qf6 24. Rf1 Red8 25. Qc1 Nd7 26. Rc4 Ne5 27. Rf4 Qe7 28. Qa1 Re8 29. Re4 Rd2 30. f4 Qh4 31. Bxf7+ Kxf7 32. fxe5+ Kg8 33. Rxh4 1-0

[Event "Sportland NRW-Cup"]
[Site "Senden"]
[Date "1998.10.16"]
[Round "9"]
[White "Prang, Edgar"]
[Black "Woller, Rainer"]
[Result "1/2-1/2"]
[WhiteElo "2270"]
[BlackElo "2210"]
[PlyCount "32"]
[EventDate "1998.10.08"]
[EventType "swiss"]
[EventRounds "9"]
[EventCountry "GER"]
[SourceTitle "CBM 067 Extra"]
[Source "ChessBase"]
[SourceDate "1999.01.01"]
[SourceVersion "1"]
[SourceVersionDate "1999.01.01"]
[SourceQuality "1"]

1. Nf3 Nf6 2. g3 b6 3. Bg2 Bb7 4. 0-0 c5 5. d3 d6 6. e4 Nbd7 7. Nc3 a6 8. a4 g6 9. Nh4 Qc7 10. f4 Bg7 11. Qe2 Rb8 12. Bd2 0-0 13. Rae1 e6 14. g4 h6 15. Bh3 Nh7 16. Nf3 Bc6 1/2-1/2

[Event "Sportland NRW-Cup"]
[Site "Senden"]
[Date "1998.10.14"]
[Round "7"]
[White "Prang, Edgar"]
[Black "Souleidis, Georgios"]
[Result "0-1"]
[WhiteElo "2270"]
[BlackElo "2410"]
[PlyCount "92"]
[EventDate "1998.10.08"]
[EventType "swiss"]
[EventRounds "9"]
[EventCountry "GER"]
[SourceTitle "CBM 067 Extra"]
[Source "ChessBase"]
[SourceDate "1999.01.01"]
[SourceVersion "1"]
[SourceVersionDate "1999.01.01"]
[SourceQuality "1"]

1. Nf3 d5 2. c4 e6 3. b3 Nf6 4. g3 Be7 5. Bg2 0-0 6. 0-0 b6 7. Bb2 Bb7 8. e3 c5 9. Na3 Nc6 10. Qe2 Rc8 11. Rfd1 Qc7 12. Rac1 Qb8 13. d4 cxd4 14. Nxd4 Nxd4 15. Rxd4 Ba6 16. Qd1 e5 17. Rd2 dxc4 18. Nxc4 Bxc4 19. Rxc4 Rxc4 20. bxc4 Bb4 21. Rd3 Qc7 22. Qb3 Bc5 23. Qd1 h6 24. Bd5 Qe7 25. e4 Nh7 26. Qh5 Ng5 27. Kg2 Kh7 28. h4 g6 29. Qg4 Ne6 30. Bxe5 f5 31. exf5 Rxf5 32. f4 h5 33. Qd1 Ng7 34. Rd2 Rf8 35. Be4 Rf7 36. Bd5 Nf5 37. Qf3 Rf8 38. Re2 Re8 39. Re1 Nd4 40. Qd3 Nf5 41. Re4 Qf8 42. Kh3 Rd8 43. Kg2 b5 44. Qb3 bxc4 45. Bxc4 Rd2+ 46. Kh3 Ne3 0-1

[Event "Sportland NRW-Cup"]
[Site "Senden"]
[Date "1998.10.13"]
[Round "6"]
[White "Berndt, Stephan"]
[Black "Prang, Edgar"]
[Result "1-0"]
[WhiteElo "2505"]
[BlackElo "2270"]
[PlyCount "77"]
[EventDate "1998.10.08"]
[EventType "swiss"]
[EventRounds "9"]
[EventCountry "GER"]
[SourceTitle "CBM 067 Extra"]
[Source "ChessBase"]
[SourceDate "1999.01.01"]
[SourceVersion "1"]
[SourceVersionDate "1999.01.01"]
[SourceQuality "1"]

1. e4 e6 2. d4 d5 3. Nc3 Bb4 4. e5 c5 5. a3 Ba5 6. b4 cxd4 7. Nb5 Bc7 8. f4 Ne7 9. Nf3 Bd7 10. Nxc7+ Qxc7 11. Bd3 Nf5 12. Bb2 Nc6 13. Qe2 a6 14. 0-0 0-0 15. Qf2 f6 16. Bxf5 exf5 17. Bxd4 fxe5 18. Bxe5 Nxe5 19. Nxe5 Rac8 20. c3 Bb5 21. Rfc1 Bc4 22. Qd4 a5 23. Re1 Ra8 24. Nf3 Rfe8 25. Rxe8+ Rxe8 26. Ne5 Ra8 27. Re1 axb4 28. axb4 b5 29. Nf3 h6 30. Qe3 Kh7 31. Nd4 Ra2 32. Nxf5 Qf7 33. Nd4 Qg6 34. Qf3 Rd2 35. h3 Rd3 36. Re3 Rd2 37. Kh2 Qb1 38. Qg4 Bd3 39. Re7 1-0

[Event "Sportland NRW-Cup"]
[Site "Senden"]
[Date "1998.10.12"]
[Round "5"]
[White "Prang, Edgar"]
[Black "Schroeder, Wilfried"]
[Result "1-0"]
[WhiteElo "2270"]
[BlackElo "2250"]
[PlyCount "55"]
[EventDate "1998.10.08"]
[EventType "swiss"]
[EventRounds "9"]
[EventCountry "GER"]
[SourceTitle "CBM 067 Extra"]
[Source "ChessBase"]
[SourceDate "1999.01.01"]
[SourceVersion "1"]
[SourceVersionDate "1999.01.01"]
[SourceQuality "1"]

1. Nf3 d5 2. c4 e6 3. g3 c6 4. Bg2 dxc4 5. 0-0 Nf6 6. Qc2 Qd5 7. Nc3 Qc5 8. e4 Nbd7 9. b3 cxb3 10. axb3 Qh5 11. d4 e5 12. h3 exd4 13. e5 dxc3 14. exf6 Nxf6 15. Re1+ Be6 16. Ng5 Bc5 17. Qxc3 Bxf2+ 18. Kxf2 0-0 19. Nxe6 fxe6 20. Kg1 Qf7 21. Rf1 Qd7 22. Ba3 Nd5 23. Rxf8+ Rxf8 24. Qc5 Rf5 25. Qxa7 Ne7 26. g4 Rb5 27. Rf1 g6 28. Qb8+ 1-0